000 00386nam a22001457a 4500
008 120829t xxu||||| |||| 00| 0 eng d
020 _a1860462944
050 _aPQ 2613.G75
100 _aGracq, Julien
245 _aA balcony in the forest. /
_cJulien Gracq
260 _aLondon:
_bThe Harvard Press,
_c1996.
300 _a213 p.:
_c20cm.
700 _aHoward, Richard
942 _2lcc
_cBK
999 _c2227
_d9727